Lehrbuch der geologie ... (Record no. 24362)

MARC details
000 -LEADER
fixed length control field 00938nam a22002291 4500
001 - CONTROL NUMBER
control field gs 05001188
003 - CONTROL NUMBER IDENTIFIER
control field DLC
005 - DATE AND TIME OF LATEST TRANSACTION
control field 20260227111303.0
008 - FIXED-LENGTH DATA ELEMENTS--GENERAL INFORMATION
fixed length control field 900612m18931891gw ab b 00010 ger c
010 ## - LIBRARY OF CONGRESS CONTROL NUMBER
LC control number gs 05001188 //r902
040 ## - CATALOGING SOURCE
Original cataloging agency U.S. Geol. Survey Libr./ICU
Transcribing agency ICU
050 00 - LIBRARY OF CONGRESS CALL NUMBER
Classification number QE26
Item number .K27
100 10 - MAIN ENTRY--PERSONAL NAME
Personal name Kayser, Emanuel,
Dates associated with a name 1845-1927.
245 10 - TITLE STATEMENT
Title Lehrbuch der geologie ...
Statement of responsibility, etc. Von dr. Emanuel Kayser ...
260 0# - PUBLICATION, DISTRIBUTION, ETC.
Place of publication, distribution, etc. Stuttgart,
Name of publisher, distributor, etc. F. Enke,
Date of publication, distribution, etc. 1893, '91.
300 ## - PHYSICAL DESCRIPTION
Extent 2 v.
Other physical details illus., maps, diagrs., profiles.
Dimensions 24 cm.
500 ## - GENERAL NOTE
General note Each vol. has also special t.p.
504 ## - BIBLIOGRAPHY, ETC. NOTE
Bibliography, etc. note Bibliographical footnotes.
500 ## - GENERAL NOTE
General note "Zusammenstellung der wichtigsten lehrbücher der allgemeinen und der gesammten geologie": v. 1, p. 6.
505 0# - FORMATTED CONTENTS NOTE
Formatted contents note I. Lehrbuch der allgemeinen geologie, für studirende und zum selbstunterricht.--II. Lehrbuch der geologischen formationskunde, für studierende und zum selbstunterricht.
650 #0 - SUBJECT ADDED ENTRY--TOPICAL TERM
Topical term or geographic name entry element Geology.

No items available.

Powered by Koha